| 000 | 00920cam a2200277 4500 | ||
|---|---|---|---|
| 001 | B1179 | ||
| 008 | 090401t1987 xxu||||| |||| 00| 0 eng d | ||
| 035 | _a(Sirsi) u43016 | ||
| 041 | _aeng | ||
| 050 | _a333.1 | ||
| 090 | _aRICS 1987/44AC | ||
| 110 |
_aRoyal Institution of Chartered Surveyors _94900 |
||
| 245 | _aPlanning for a surfeit of land?. Conference at RICS 3 November 1987 | ||
| 260 | _c1987 | ||
| 300 | _a5 papers; 1 press release | ||
| 350 | _a0 | ||
| 520 | _aPapers by: Bate,R.R. , Falk,N.P.H. , Hall,P.C. , Loveless,J.H. , Smith,N.F. and DTI press notice of Young,Lord `s speech to RICS. Papers consider issues concerning both urban and agricultural surplus land. | ||
| 650 | _aDERELICT LAND | ||
| 650 | _aFARM LAND | ||
| 650 |
_aLand use _96251 |
||
| 650 | _aSURPLUS LAND | ||
| 650 | _aWASTE LAND | ||
| 710 |
_aRoyal Town Planning Institute _91206 |
||
| 942 | _n0 | ||
| 948 | _c04/03/1997 | ||
| 999 |
_c91230 _d91230 |
||